|
|
|
|
| LEADER |
01178nam a22002537a 4500 |
| 001 |
32194 |
| 003 |
BD-DhAAL |
| 005 |
20171010165754.0 |
| 008 |
171010s2012 bg ||||| |||| 00| 0 ben d |
| 999 |
|
|
|c 38394
|d 38394
|
| 020 |
|
|
|a 9789848821411
|
| 040 |
|
|
|a BD-DhAAL
|c BD-DhAAL
|
| 082 |
|
|
|2 22
|a 954.9205
|
| 100 |
|
|
|a ওসমান, শওকত
|9 22452
|
| 245 |
|
|
|a ১৯৭১ :
|b স্মৃতিখণ্ড মুজিব নগর /
|c শওকত ওসমান
|
| 260 |
|
|
|a ঢাকা :
|b বিউটি বুক হাউস,
|c ২০১২
|
| 300 |
|
|
|a ১৪৩ পৃষ্ঠা ;
|c ২৪ সে. মি.
|
| 526 |
|
|
|a AAL
|
| 541 |
|
|
|e 32194
|
| 650 |
|
|
|a Bangladesh
|x History
|x Revolution
|y 1971
|9 6077
|
| 852 |
|
|
|a Ayesha Abed Library
|c General Stacks
|
| 942 |
|
|
|2 ddc
|c BK
|
| 952 |
|
|
|0 0
|1 0
|2 ddc
|4 0
|6 954_920500000000000_OSM
|7 0
|9 61463
|a BRACUL
|b BRACUL
|c BNC
|d 2017-10-04
|e Development Book Agency
|g 170.00
|l 0
|o 954.9205 OSM
|p 3010032194
|r 2017-10-04
|t 1
|v 200.00
|w 2017-10-04
|y BK
|
| 952 |
|
|
|0 0
|1 0
|2 ddc
|4 0
|6 954_920500000000000_OSM
|7 0
|9 61464
|a BRACUL
|b BRACUL
|c BNC
|d 2017-10-04
|e Development Book Agency
|g 170.00
|l 0
|o 954.9205 OSM
|p 3010032195
|r 2017-10-04
|t 2
|v 200.00
|w 2017-10-04
|y BK
|